000 00528nam a2200145 4500
999 _c16107
_d16107
008 210421b ||||| |||| 00| 0 eng d
022 _a1559-663X
082 _aDPer 420.705 En36 c2006-2008
100 _aDhieb-Henia, Nebila.
_943169
245 _aApplying metacognitive strategies to skimming research articles in an ESP context/
_cNebila Dhieb-Henia.
260 _aWashington, D.C. :
_bEnglish Teaching Forum,
_cc2006-2008.
300 _av44 n1, pages 2-7:
_c27 cm.
650 _aResearch
_xStrategy.
_943170
942 _2ddc
_cPER